000 01054nam a2200289Ia 4500
001 28194
003 92993
005 20250926062610.0
008 ||||||n9999 ||| || ||
041 _aspa
100 _aRodriguez Timaran, Silvia Marcela
_940232
245 0 _aConstrucción de la subestación de transmisión de energía eléctrica Túquerres, Nariño
260 _aBogotá :
_bEscuela Superior de Administración Pública - ESAP,
_c1994.
300 _a343h
500 _aTesis
562 _e1
650 _aCOLOMBIA
_940233
650 0 _aEnergía eléctrica
_9191577
650 _aESCUELA SUPERIOR DE ADMINISTRACIÓN PÚBLICA (NARIÑO – ALTO PUTUMAYO)--TESIS Y DISERTACIONES ACADÉMICAS
_935650
650 0 _aESPECIALIZACIÓN EN PROYECTOS DE DESARROLLO--TESIS Y DISERTACIONES ACADÉMICAS
_935350
650 0 _aMunicipios
_9264
650 _aPROYECTOS PROVINCIALES
_940236
650 _aSERVICIOS DE ENERGIA
_918107
650 _aSISTEMAS DE ENERGIA
_940237
650 _aTUQUERRES, NARINO (COLOMBIA)
_935765
942 _cTESIS
999 _c28194
_d28194